| 000 | 01745nam a22002417a 4500 | ||
|---|---|---|---|
| 001 | 121262 | ||
| 008 | 141222s2020 xxk|||||o|||| 00| 0 eng d | ||
| 041 | _aeng | ||
| 100 | _aRoss, Craig | ||
| 110 | _aRoyal Institution of Chartered Surveyors | ||
| 245 |
_aBeyond COVID-19: Recovery measures in building control in England as COVID-19 restrictions are eased _h[Electronic resource] _b[withdrawn] |
||
| 260 |
_aUnited Kingdom, _bRoyal Institution of Chartered Surveyors, _cJune 2020 |
||
| 300 | _a18p | ||
| 520 | _aPublished by the RICS in association with the Chartered Association of Building Engineers (CABE). Practical advice to professionals working in building control (both local authority or approved inspectors on working as the COVID-19 lockdown measures are lifted. Highlights the risks at key stages in the building control process, identify suitable control measures that can be adopted, and offer useful tools and advice on how the building control professional may mitigate some of the COVID-19 risks. Refers to The Building (Approved Inspectors etc.) Regulations 2010. | ||
| 520 | _aAll legal restrictions on Covid in the UK were lifted in March 2022 but advice was still to be sensible and follow good medical advice/common sense. RICS withdrew Covid guides at the same time. | ||
| 650 | _aBuilding Control | ||
| 651 | _aUnited Kingdom | ||
| 690 |
_96222 _aBuilding control |
||
| 690 |
_96244 _aHealth and safety |
||
| 710 | _aRoyal Institution of Chartered Surveyors | ||
| 856 |
_uhttps://www.rics.org/globalassets/rics-website/media/news/covid19/beyond-covid-19-recovery-measures-in-building-control-in-england-as-covid-19-restrictions-are-eased.pdf _zAvailable free on RICS.org |
||
| 942 | _n0 | ||
| 999 |
_c121262 _d121262 |
||